Estrategia y práctica profesional actos procesales no contenciosos.
Shranjeno v:
| Drugi avtorji: | |
|---|---|
| Format: | Neznan |
| Jezik: | španščina |
| Izdano: |
Santiago, Chile:
Thomson Reuters,
2024.
|
| Izdaja: | 1a. edición. |
| Teme: | |
| Oznake: |
Označite
Brez oznak, prvi označite!
|
MARC
| LEADER | 00000 a2200000 4500 | ||
|---|---|---|---|
| 003 | CL-VaPUC | ||
| 005 | 20241204104525.0 | ||
| 008 | 241127t2024 ||||| |||| 00| 0 spa d | ||
| 999 | |c 445954 |d 445952 | ||
| 020 | |a 978-956-400-572-0 | ||
| 040 | |c Pontificia Universidad Católica de Valparaíso | ||
| 082 | |2 22 |a 347.8305 ESP 2024 | ||
| 100 | |a Espinoza Quezada, Renzo |9 890661 |e editor | ||
| 245 | |a Estrategia y práctica profesional actos procesales no contenciosos. | ||
| 250 | |a 1a. edición. | ||
| 260 | |a Santiago, Chile: |b Thomson Reuters, |c 2024. | ||
| 300 | |a IV, 359 páginas. | ||
| 583 | |c 20241127 | ||
| 650 | 0 | |9 890666 |a Derecho procesal de familia |x Trámites y normativa |z Chile | |
| 650 | 0 | |9 679524 |a Tribunales Superiores de Justicia |v Formularios |x Adopción, cambio de nombre, etc. |z Chile | |
| 942 | |c BK |2 ddc | ||
| 952 | |0 0 |1 0 |2 ddc |4 0 |6 347_830500000000000_ESP_2024 |7 0 |8 A |9 598294 |a BIBDER |b BIBDER |d 2024-11-27 |e 31 |g 0.00 |i 5663465 |o 347.8305 ESP 2024 |p 5663465 |r 2024-11-27 |t 1 |v 0.00 |w 2024-11-27 |y BK |k DER | ||